000 00463nab a2200145Ia 4500
003 ES-SlBCS
005 20211122110026.0
008 140529s1973 xxu||||| |||| 00| 0 eng d
041 _aeng
100 1 _aLandgrebe, Ludwig
_941933
245 0 4 _aThe Phenomenological Concept of Experience
_c Ludwig Landgrebe
650 0 4 _aExperiencia-Fenomenología
_9155776
773 0 _tPhilosophy and Phenomenological Research
_gvol. 34, 1973, págs. 1-13
_wRev1411
942 _cAR
999 _c526975
_d526975